00446nam a2200145Ia 4500008004100000020001800041082001500059100002400074245002900098260001200127500001000139942000700149952012900156999001500285260604s9999 xx 000 0 und d a9780143465140 a808.51 KIN aPatrick king935956 0aHow to Speak Effectively bPenguin aSpeak cBK 00104070aIIMVbIIMVcGENERALd2026-06-04g299.00l0o808.51 KINp004415r2026-06-04 10:21:41v299.00w2026-06-04yBKBKIN c8797d8797